00724nai a2200181Ia 4500003000900000008004100009022002300050040001600073245004300089260002600132310001200158362002700170521006900197856009000266942000700356999001700363952016200380IN-BaIIA211028c9999 xx s 000 0 eng d a0038-1098 (Online) cIIA Library 0aSolid State Communicationsh[eJournal] aOxford, U.KbPergamon a18/year a93(1); 1995 - Present  bSubscribed through National Knowledge Resource Consortium (NKRC) uhttps://www.sciencedirect.com/science/journal/00381098yClick Here to Access eJournal cEJ c35704d35704 00104070aBANbBANd2009-01-01eNKRCh93(1); 1995 - Present l0pEJ1788r2021-11-05uhttps://www.sciencedirect.com/science/journal/00381098w2021-11-05yEJ